Important People in FFA History - Statistics

General Stats
  • This quiz has been taken 34 times
  • The average score is 12 of 48
Answer Stats
Hint Answer % Correct
Writer of the Official FFA Creed E.M. Tiffany
100%
First national NFA president David Simmons
80%
FFA national president who resigned to join the military Harold Gum
80%
First national FFA president Leslie Applegate
80%
First FFA President from Missouri Leslie Fry
80%
Last person to serve as Missouri FFA President Zach Kinne
80%
Only members ever to share the Star Farmer of America title Albert Lacy & Arthur Lacy
60%
First Star Farmer of America Carlton Patton
60%
First National Public Speaking event winner Edward Drace
60%
Federal ag-ed leader who helped launch NFA’s early framework (wrote constitution/bylaws for New Farmers of Virginia) H.O. Sargent
60%
First female American Star Farmer Karlene Lindow
60%
First American Star in Agriscience Steven Offer
60%
Last NFA president Adolphus Pinson
40%
First American Star in Agribusiness Ken Dunagan
40%
First National Creed Speaking event winner Michael Van Winkle
40%
First American Star in Agricultural Placement Nicholas Streff
40%
NFA president who resigned Oliver Hunter
40%
First African American elected national FFA president (also first from an urban environment) Corey Flournoy
20%
First African American elected to a national FFA office Fred McClure
20%
Teacher-trainer who helped write early NFV constitution/bylaws with Sargent G.W. Owens
20%
First Puerto Rican elected national FFA president; first with native language other than English Javier Moreno
20%
Who replaced Oliver Hunter as NFA president after he resigned John Johnson
20%
First Puerto Rico member to serve as a national FFA officer Jose Santiago
20%
Vice president who replaced the resigning national president Marvin Jagels
20%
Last NFA President Adoplus Pinson
0%
One of the first two female delegates to the national convention Anita Decker
0%
National NFA Week celebrated during the birthday week of this leader Booker T. Washington
0%
Person who's birth was celebrated during NFA Week Booker T. Washington
0%
1st Female African American President Breanna Holbert
0%
Who was the first National FFA Advisor? C.H. Lane
0%
First U.S. President to speak at National FFA Convention Dwight D. Eisenhower
0%
Key FFV founder Edmund C. Magill
0%
U.S. President who greeted FFA members on the White House lawn Franklin D. Roosevelt
0%
What president did FFA members meet with in 1933 on the White House Lawn? Franklin D. Roosevelt
0%
President who's birthday is celebrated during FFA Week George Washington
0%
U.S. president whose convention speech was carried live on network TV Gerald Ford
0%
U.S. President who signed the federal charter bill Harry S. Truman
0%
Former U.S. president who spoke during National FFA Convention Harry S. Truman
0%
Key FFV founder Harry W. Sanders
0%
Key FFV founder (served as model for FFA) Henry C. Groseclose
0%
Who was the first female National FFA President? Jan Eberly
0%
American Star Farmer whose photo appeared on the cover of Time magazine Joe Moore
0%
Who was the first female elected to national office? Julie Smiley
0%
President who signed the Civil Rights Act, eventually resulting the the NFA-FFA merger Lyndon B. Johnson
0%
Special guest recognized at Reflections (75th convention celebration) Muhammad Ali
0%
One of the first two female delegates to the national convention Patricia Krowicki
0%
Presidential candidate who spoke at convention, then elected next month Richard M. Nixon
0%
Key FFV founder Walter S. Newman
0%
No matching quizzes found
Score Distribution
Percent of People with Each Score
Percentile by Number Answered
Your Score History
You have not taken this quiz